| 000 | 00744nam a2200253u 4500 | ||
|---|---|---|---|
| 999 |
_c9475 _d9475 |
||
| 001 | 932630 | ||
| 003 | GBCCL | ||
| 005 | 20241126110712.0 | ||
| 008 | 971103s1969 enkac b 000 0 eng d | ||
| 010 | _aMRC02702606 | ||
| 035 | _atcgc240314 | ||
| 040 | _cMvI | ||
| 082 |
_a222.1106 _bHAR |
||
| 090 |
_aBS1239 _b.H3 1969 |
||
| 100 | 1 |
_aHargreaves, John, _d1911-2008. _93105 |
|
| 245 | 1 | 2 |
_aA Guide to the book of Genesis. _cWith a foreword by William Neil. |
| 260 |
_aDelhi: _bISPCK, _c1987 |
||
| 300 |
_axii, 180 p. : _billus., ports. ; _c22 m. |
||
| 490 | 1 |
_aISPCK Study Guide ; _v3 |
|
| 504 | _aIncludes bibliography. | ||
| 630 | 0 | 0 |
_aBible. _pGenesis _vCommentaries. _913616 |
| 830 | 0 |
_aTEF study guide ; _v3. _916514 |
|
| 942 |
_2ddc _cBK _03 |
||